<?xml version="1.0" encoding="UTF-8"?>
<collection xmlns="http://www.loc.gov/MARC21/slim">
  <record>
    <leader>00000nam  2200000   4500</leader>
    <controlfield tag="001">INLIS00000000000030</controlfield>
    <controlfield tag="005">20260702043538</controlfield>
    <datafield tag="020" ind1="#" ind2="#">
      <subfield code="a">9786237495291</subfield>
    </datafield>
    <datafield tag="082" ind1="#" ind2="#">
      <subfield code="a">899.221</subfield>
    </datafield>
    <datafield tag="100" ind1="1" ind2="#">
      <subfield code="a">Despersa</subfield>
    </datafield>
    <datafield tag="245" ind1="1" ind2=" ">
      <subfield code="a">Dear G /</subfield>
      <subfield code="c">Despersa</subfield>
    </datafield>
    <datafield tag="300" ind1="#" ind2="#">
      <subfield code="a">262 ; 14 x 20,5</subfield>
    </datafield>
  </record>
</collection>
